| 000 | 00372 a2200145 4500 | ||
|---|---|---|---|
| 005 | 20250625151428.0 | ||
| 020 | _a0-534-25812-3 | ||
| 082 | _a302.2 VER | ||
| 100 | _aVERDERBER, R. F. | ||
| 245 | _aCommunicate | ||
| 250 | _a8th Ed. | ||
| 260 |
_aBoston _bWadsworth Publishing Company _c1995 |
||
| 300 |
_axxiii, 484Pages,Index _bPictures, tables _c23cm |
||
| 942 |
_2ddc _n0 _cBKS |
||
| 999 |
_c5115 _d5115 |
||